000 00532nam a22001697a 4500
005 20251108165444.0
008 250721s2002 xx 000 0 ara d
082 1 4 _a210.413343/عطو
100 1 _aعطوان، أحمد موسى
245 1 0 _aإرشاد الحيران إلى العلاج بالقرآن /
264 1 _aعمان :
_bدار البيت العتيق للنشر و التوزيع،
_c2002.
300 _a127ص
650 1 7 _aالقرآن الكريم
650 1 7 _aالسحر
942 _2ddc
_cBK
999 _c28341
_d28341